<?xml version="1.0" encoding="UTF-8"?>
<record
    xmlns:xsi="http://www.w3.org/2001/XMLSchema-instance"
    xsi:schemaLocation="http://www.loc.gov/MARC21/slim http://www.loc.gov/standards/marcxml/schema/MARC21slim.xsd"
    xmlns="http://www.loc.gov/MARC21/slim">

  <leader>01356nam a2200313 a 4500</leader>
  <controlfield tag="001">1272</controlfield>
  <controlfield tag="003">BR-CuiBMT</controlfield>
  <controlfield tag="005">20231203185959.0</controlfield>
  <controlfield tag="008">231201s2005    dfb           001 0 por d</controlfield>
  <datafield tag="020" ind1=" " ind2=" ">
    <subfield code="a">9788570183835</subfield>
  </datafield>
  <datafield tag="040" ind1=" " ind2=" ">
    <subfield code="a">BR-CuiBMT</subfield>
    <subfield code="c">BR-CuiBMT</subfield>
  </datafield>
  <datafield tag="080" ind1=" " ind2=" ">
    <subfield code="a">910.4</subfield>
    <subfield code="x">(091)</subfield>
    <subfield code="2">2007</subfield>
  </datafield>
  <datafield tag="090" ind1=" " ind2=" ">
    <subfield code="a">910.4(091)</subfield>
    <subfield code="b">M678</subfield>
  </datafield>
  <datafield tag="245" ind1="0" ind2="0">
    <subfield code="a">Miss&#xE3;o Rondon :</subfield>
    <subfield code="b">apontamentos sobre os trabalhos realizados pela Comiss&#xE3;o de Linhas Telegr&#xE1;ficas Estrat&#xE9;gicas de Mato Grosso ao Amazonas, sob a dire&#xE7;&#xE3;o do Coronel de Engenharia C&#xE2;ndido Mariano da Silva Rondon, de 1907 a 1915 /</subfield>
    <subfield code="c">Senado Federal.</subfield>
  </datafield>
  <datafield tag="260" ind1=" " ind2=" ">
    <subfield code="a">Bras&#xED;lia :</subfield>
    <subfield code="b">Senado Federal,</subfield>
    <subfield code="c">2011.</subfield>
  </datafield>
  <datafield tag="300" ind1=" " ind2=" ">
    <subfield code="a">282 p. ;</subfield>
    <subfield code="c">23 cm</subfield>
  </datafield>
  <datafield tag="490" ind1="1" ind2=" ">
    <subfield code="a">Cole&#xE7;&#xE3;o edi&#xE7;&#xF5;es do Senado Federal ;</subfield>
    <subfield code="v">v. 8</subfield>
  </datafield>
  <datafield tag="500" ind1=" " ind2=" ">
    <subfield code="a">Inclui &#xED;ndice.</subfield>
  </datafield>
  <datafield tag="500" ind1=" " ind2=" ">
    <subfield code="a">"Publicados em artigos no Jornal do Com&#xE9;rcio do Rio de Janeiro em 1915."</subfield>
  </datafield>
  <datafield tag="600" ind1="1" ind2="4">
    <subfield code="a">Rondon, C&#xE2;ndido Mariano da Silva, </subfield>
    <subfield code="d">1865-1958</subfield>
  </datafield>
  <datafield tag="610" ind1="2" ind2="4">
    <subfield code="a">Comiss&#xE3;o de Linhas Telegr&#xE1;ficas Estrat&#xE9;gicas de Mato Grosso ao Amazonas</subfield>
  </datafield>
  <datafield tag="611" ind1="2" ind2="4">
    <subfield code="a">Expedi&#xE7;&#xE3;o Cient&#xED;fica Roosevelt-Rondon</subfield>
  </datafield>
  <datafield tag="650" ind1=" " ind2=" ">
    <subfield code="a">Relatos hist&#xF3;ricos de viagens</subfield>
    <subfield code="z">Brasil</subfield>
  </datafield>
  <datafield tag="650" ind1=" " ind2=" ">
    <subfield code="a">Descobertas e explora&#xE7;&#xF5;es</subfield>
    <subfield code="x">Hist&#xF3;ria</subfield>
    <subfield code="z">Brasil</subfield>
  </datafield>
  <datafield tag="650" ind1=" " ind2=" ">
    <subfield code="a">Tel&#xE9;grafo</subfield>
    <subfield code="x">Hist&#xF3;ria</subfield>
    <subfield code="z">Brasil</subfield>
  </datafield>
  <datafield tag="710" ind1="1" ind2=" ">
    <subfield code="a">Brasil. </subfield>
    <subfield code="b"> Congresso Nacional,</subfield>
    <subfield code="c">Senado Federal.</subfield>
  </datafield>
  <datafield tag="830" ind1=" " ind2="0">
    <subfield code="a">Edi&#xE7;&#xF5;es do Senado Federal ;</subfield>
    <subfield code="v">8</subfield>
  </datafield>
  <datafield tag="942" ind1=" " ind2=" ">
    <subfield code="2">udc</subfield>
    <subfield code="c">LV</subfield>
  </datafield>
  <datafield tag="952" ind1=" " ind2=" ">
    <subfield code="0">0</subfield>
    <subfield code="1">0</subfield>
    <subfield code="2">udc</subfield>
    <subfield code="4">0</subfield>
    <subfield code="7">0</subfield>
    <subfield code="a">BIBTCEMT</subfield>
    <subfield code="b">BIBTCEMT</subfield>
    <subfield code="d">2023-12-03</subfield>
    <subfield code="l">0</subfield>
    <subfield code="o">910.4(091) M678</subfield>
    <subfield code="p">BIBTCEMT23120090</subfield>
    <subfield code="r">2023-12-03</subfield>
    <subfield code="t">Ex. 1</subfield>
    <subfield code="w">2023-12-03</subfield>
    <subfield code="y">LV</subfield>
  </datafield>
  <datafield tag="999" ind1=" " ind2=" ">
    <subfield code="c">1272</subfield>
    <subfield code="d">1272</subfield>
  </datafield>
</record>
